[Event "Alzira Christmas 5th"]
[Site "Alzira"]
[Date "2015.12.28"]
[Round "1.10"]
[White "Lluch Ventura, Enrique"]
[Black "Penades Ordaz, Victor"]
[Result "0-1"]
[WhiteElo "1602"]
[BlackElo "2018"]
[PlyCount "74"]
[EventDate "2015.12.28"]
[EventType "swiss"]
[EventRounds "7"]
[EventCountry "ESP"]
[SourceTitle "EXT 2024"]
[Source "ChessBase"]
[SourceDate "2023.10.10"]
[SourceVersion "1"]
[SourceVersionDate "2023.10.10"]
[SourceQuality "1"]

1. d4 d5 2. Nf3 Bf5 3. e3 Nf6 4. c4 c6 5. Nc3 e6 6. Bd3 Bg6 7. 0-0 Nbd7 8. a3 Bd6 9. b4 Ne4 10. Bb2 f5 11. cxd5 exd5 12. Nd2 Qh4 13. h3 Bh5 14. Be2 Bxe2 15. Qxe2 g5 16. Ncxe4 fxe4 17. Qg4 Qxg4 18. hxg4 h5 19. gxh5 Rxh5 20. f3 exf3 21. Nxf3 g4 22. Nd2 Bg3 23. e4 0-0-0 24. Rf5 Rxf5 25. exf5 Bf4 26. Nf1 Rf8 27. g3 Bd6 28. Re1 Rxf5 29. Re8+ Kc7 30. Rg8 Nf6 31. Rg6 Rf3 32. Kg2 Ne4 33. Bc1 Nxg3 34. Nxg3 Rxg3+ 35. Kf2 Rc3 36. Bd2 g3+ 37. Ke1 Rxa3 0-1

[Event "Alzira Christmas 5th"]
[Site "Alzira"]
[Date "2015.12.28"]
[Round "3.3"]
[White "Prieto Aranguren, Alain"]
[Black "Penades Ordaz, Victor"]
[Result "1-0"]
[WhiteElo "2171"]
[BlackElo "2018"]
[PlyCount "97"]
[EventDate "2015.12.28"]
[EventType "swiss"]
[EventRounds "7"]
[EventCountry "ESP"]
[SourceTitle "EXT 2024"]
[Source "ChessBase"]
[SourceDate "2023.10.10"]
[SourceVersion "1"]
[SourceVersionDate "2023.10.10"]
[SourceQuality "1"]

1. d4 d5 2. c4 c6 3. e3 Bf5 4. Nc3 e6 5. Nf3 Nf6 6. Nh4 Be4 7. f3 Bg6 8. Nxg6 hxg6 9. f4 Nbd7 10. Bd2 Ne4 11. Nxe4 dxe4 12. Qc2 Nf6 13. g3 Nh5 14. Bg2 f5 15. 0-0-0 Nf6 16. h3 a5 17. g4 Bb4 18. g5 Nh5 19. a3 Bxd2+ 20. Qxd2 b5 21. cxb5 cxb5 22. Kb1 Qd5 23. Rc1 0-0 24. Rc5 Qb3 25. Rhc1 b4 26. Bf1 Rab8 27. Bc4 Qa4 28. Bxe6+ Kh7 29. Ka2 bxa3 30. bxa3 Rb6 31. Rxa5 Qe8 32. Bb3 Qe7 33. Rac5 Ra8 34. a4 Qb7 35. R1c3 Qa6 36. Qc2 Rab8 37. Rc6 Rxc6 38. Rxc6 Qd3 39. Rc8 Qxc2+ 40. Rxc2 Ng3 41. Bd5 Nf1 42. Rc3 Rd8 43. Bc6 Rb8 44. a5 Nd2 45. a6 Rb6 46. Bb7 Nb1 47. Rb3 Nc3+ 48. Rxc3 Rb5 49. h4 1-0

[Event "Alzira op 2nd"]
[Site "Alzira"]
[Date "2015.08.21"]
[Round "2"]
[White "Penades Ordaz, Victor"]
[Black "Albuixec Sanz, Jorge"]
[Result "1-0"]
[WhiteElo "2096"]
[BlackElo "1806"]
[PlyCount "71"]
[EventDate "2015.08.21"]
[EventType "swiss"]
[EventRounds "7"]
[EventCountry "ESP"]
[SourceTitle "EXT 2016"]
[Source "ChessBase"]
[SourceDate "2015.10.08"]
[SourceVersion "1"]
[SourceVersionDate "2015.10.08"]
[SourceQuality "1"]

1. d4 Nf6 2. Bf4 e6 3. e3 c5 4. c3 Nc6 5. Nd2 d5 6. Ngf3 Bd6 7. Bg3 c4 8. Ne5 Qc7 9. Ng4 Nxg4 10. Qxg4 0-0 11. Bxd6 Qxd6 12. Qg3 Qe7 13. f4 b5 14. a3 a5 15. Be2 Ba6 16. e4 dxe4 17. Nxe4 Bb7 18. Nc5 Ra7 19. 0-0 Ba8 20. a4 Qd6 21. axb5 Nxd4 22. cxd4 Qxd4+ 23. Qf2 Qxb2 24. Rfb1 Qf6 25. b6 Re7 26. Bxc4 Rc8 27. Rxa5 Qc3 28. Ra4 Bc6 29. Rab4 Rd8 30. b7 Rxb7 31. Nxb7 Rd2 32. Na5 g6 33. Be2 Bd5 34. Rb8+ Kg7 35. Nb3 Rc2 36. Qd4+ 1-0

[Event "Valencia Torrefiel U2200 1st"]
[Site "Valencia"]
[Date "2014.10.31"]
[Round "1.1"]
[White "Penades Ordaz, Victor"]
[Black "Parrondo Romero, Fernando"]
[Result "1-0"]
[WhiteElo "2159"]
[BlackElo "1721"]
[PlyCount "77"]
[EventDate "2014.10.31"]
[EventType "swiss"]
[EventRounds "7"]
[EventCountry "ESP"]
[SourceTitle "EXT 2024"]
[Source "ChessBase"]
[SourceDate "2023.10.10"]
[SourceVersion "1"]
[SourceVersionDate "2023.10.10"]
[SourceQuality "1"]

1. d4 d5 2. Bf4 Nf6 3. e3 e6 4. Nf3 Bd6 5. Ne5 c6 6. c4 Nbd7 7. c5 Bxe5 8. Bxe5 Nxe5 9. dxe5 Nd7 10. Qd4 Qe7 11. b4 a5 12. a3 0-0 13. Nd2 f6 14. exf6 Qxf6 15. Qxf6 Rxf6 16. Nb3 axb4 17. axb4 Rxa1+ 18. Nxa1 e5 19. Bd3 e4 20. Be2 Ne5 21. Nb3 Bg4 22. Bf1 Kf8 23. h3 Be6 24. Be2 Ke7 25. Nd4 Bc8 26. f4 exf3 27. gxf3 Rh6 28. f4 Ng4 29. Bxg4 Bxg4 30. Rg1 Bxh3 31. Rxg7+ Kd8 32. Rxb7 Bc8 33. Rg7 Rh1+ 34. Kd2 Rh2+ 35. Kc3 Bd7 36. b5 cxb5 37. c6 Be8 38. Ne6+ Kc8 39. Rg8 1-0

[Event "Mislata op-B 20th"]
[Site "Mislata"]
[Date "2012.08.13"]
[Round "1"]
[White "Bixquert Jimenez, Francisco"]
[Black "Penades Ordaz, Victor"]
[Result "0-1"]
[WhiteElo "1933"]
[BlackElo "2091"]
[PlyCount "114"]
[EventDate "2012.08.13"]
[EventType "swiss"]
[EventRounds "9"]
[EventCountry "ESP"]
[SourceTitle "EXT 2013"]
[Source "ChessBase"]
[SourceDate "2012.11.22"]
[SourceVersion "1"]
[SourceVersionDate "2012.11.22"]
[SourceQuality "1"]

1. d4 Nf6 2. c4 g6 3. Nc3 Bg7 4. e4 d6 5. Nf3 0-0 6. Be2 e5 7. 0-0 Nc6 8. d5 Ne7 9. Bd2 a5 10. a3 Nd7 11. b4 f5 12. Ne1 Nf6 13. f3 c6 14. Nd3 cxd5 15. cxd5 Bd7 16. Nf2 axb4 17. axb4 Qb6 18. Qb3 Rxa1 19. Rxa1 fxe4 20. fxe4 Ng4 21. Ncd1 Rxf2 22. Be3 Nxe3 23. Nxf2 Bh6 24. h3 Bf4 25. Ra3 h5 26. g3 Bh6 27. Ra2 Kf7 28. Kh2 Ng8 29. Rb2 Nf6 30. Bf3 Bb5 31. Be2 Bd7 32. Bf3 Nf1+ 33. Kg2 Nd2 34. Qc3 Qe3 35. Qxe3 Bxe3 36. Nd1 Nxf3 37. Kxf3 Bd4 38. Rc2 Ke8 39. Ne3 Bxh3 40. Rc7 b6 41. Rg7 Kf8 42. Rc7 Bg4+ 43. Nxg4 hxg4+ 44. Kg2 Nxe4 45. Rd7 Bc3 46. b5 Bb4 47. Rh7 Nf6 48. Rh4 Kg7 49. Kf2 g5 50. Rh1 Nxd5 51. Rh5 Kg6 52. Rh8 Kf5 53. Rf8+ Ke4 54. Rg8 Bc5+ 55. Kg2 Ne3+ 56. Kf2 d5 57. Rc8 Nc4+ 0-1

[Event "ESP-chT CECLUB Permanencia-3 Div 1"]
[Site "Sabadell"]
[Date "2011.09.04"]
[Round "2.3"]
[White "Baches Garcia, Guillermo"]
[Black "Penades Ordaz, Victor"]
[Result "1-0"]
[WhiteElo "2382"]
[BlackElo "2086"]
[PlyCount "177"]
[EventDate "2011.09.03"]
[EventType "team-match"]
[EventRounds "2"]
[EventCountry "ESP"]
[SourceTitle "CBM 144 Extra"]
[Source "ChessBase"]
[SourceDate "2011.10.28"]
[SourceVersion "1"]
[SourceVersionDate "2011.10.28"]
[SourceQuality "1"]
[WhiteTeam "Lleida"]
[BlackTeam "Silla"]
[WhiteTeamCountry "ESP"]
[BlackTeamCountry "ESP"]

1. e4 c5 2. Nf3 Nc6 3. d4 cxd4 4. Nxd4 g6 5. c4 Bg7 6. Nc2 d6 7. Be2 f5 8. exf5 Bxf5 9. 0-0 Nf6 10. Ne3 Be6 11. Nc3 0-0 12. Ned5 Bf7 13. Bg5 Nxd5 14. cxd5 Nd4 15. Bd3 Qd7 16. Be3 Nf5 17. Bxf5 Qxf5 18. Bd4 Bh6 19. Qb3 Qd7 20. Rae1 Rfe8 21. Re4 e5 22. Be3 Bg7 23. a4 b6 24. Rd1 Rec8 25. h3 Rab8 26. Rb4 Be8 27. Ne4 Qe7 28. Rd3 h6 29. Rc3 Rxc3 30. Qxc3 b5 31. axb5 Bxb5 32. Qd2 Kh7 33. Nc3 a6 34. g3 Qd7 35. Rh4 h5 36. Ne4 Rh8 37. Qc2 Kg8 38. Ng5 Qe8 39. Qc7 Bf8 40. Ne4 Qe7 41. Qb8 Kf7 42. Ng5+ Kg8 43. Ne4 Kf7 44. Bg5 Qd7 45. Nf6 Qf5 46. Qc7+ Be7 47. Ne4 Qd7 48. Qc3 Rc8 49. Qe3 Qc7 50. g4 Qc1+ 51. Qxc1 Rxc1+ 52. Bxc1 Bxh4 53. gxh5 Be7 54. h6 Bd3 55. Bg5 Bf8 56. f3 Kg8 57. Nf6+ Kf7 58. h7 Bg7 59. h4 a5 60. Kf2 Bb1 61. Ke3 Bc2 62. Kd2 Bb1 63. Ke3 Bc2 64. Kd2 Bb1 65. Ne4 Ba2 66. Nc3 Bc4 67. Ke3 Bh8 68. Ke4 Kg7 69. Be7 Kxh7 70. Bxd6 Bb3 71. Bxe5 Bg7 72. d6 Bf8 73. d7 Be7 74. Bc7 Bxh4 75. Bxa5 Bc2+ 76. Kd5 Bb3+ 77. Ke4 Bc2+ 78. Ke3 Bg5+ 79. Kf2 Bh4+ 80. Kg2 Kg7 81. d8Q Bxd8 82. Bxd8 Kf7 83. Kg3 Bb3 84. Bb6 Ke6 85. Bd4 Kf7 86. Kg4 Ke6 87. Kg5 Kf7 88. Ne4 Bd5 89. b4 1-0

[Event "Provincial-ch Valencia Preferente"]
[Site "Valencia"]
[Date "2009.11.15"]
[Round "6"]
[White "Penades Ordaz, Victor"]
[Black "Martinez Trujillo, Jesus"]
[Result "1-0"]
[WhiteElo "2174"]
[BlackElo "1900"]
[PlyCount "145"]
[EventDate "2009.10.03"]
[EventType "swiss"]
[EventRounds "7"]
[EventCountry "ESP"]
[SourceTitle "EXT 2024"]
[Source "ChessBase"]
[SourceDate "2023.10.10"]
[SourceVersion "1"]
[SourceVersionDate "2023.10.10"]
[SourceQuality "1"]

1. e4 c5 2. Nf3 Nc6 3. d4 cxd4 4. Nxd4 g6 5. c4 Bg7 6. Be3 Nf6 7. Nc3 d6 8. Be2 Nxd4 9. Qxd4 0-0 10. Qd2 Ng4 11. Bxg4 Bxg4 12. Rc1 Be6 13. b3 a6 14. 0-0 Rc8 15. Rfd1 Kh8 16. f3 Qa5 17. Kf2 Qh5 18. Kg1 Be5 19. f4 Bg7 20. Nd5 Bxd5 21. exd5 Qf5 22. h3 h5 23. Re1 Bf6 24. Bd4 Rc7 25. Re2 Kg8 26. Rce1 Bh4 27. Rf1 b5 28. cxb5 Rfc8 29. bxa6 Rc2 30. Qd1 Rxe2 31. Qxe2 Rc2 32. Qf3 Rxa2 33. a7 Qc2 34. Kh2 Bf6 35. Bg1 Bc3 36. Rf2 Bd2 37. f5 g5 38. Qxh5 Qd3 39. Qf3 Qxf3 40. Rxf3 Bb4 41. Rg3 f6 42. h4 Bc5 43. hxg5 fxg5 44. Bxc5 dxc5 45. Rc3 Rxa7 46. Rxc5 Rb7 47. Rc3 g4 48. Kg3 Rb4 49. Kh4 Rd4 50. Rc5 Rb4 51. Rc7 Kf8 52. g3 Ke8 53. Rc4 Rxb3 54. Kxg4 Rd3 55. Rc5 Kf7 56. Kf4 Rd4+ 57. Kg5 Rd1 58. g4 Rd2 59. Ra5 Rd1 60. Rb5 Rd2 61. Kf4 Rd4+ 62. Kf3 Kf6 63. Rb6+ Kf7 64. d6 exd6 65. Rb8 Kf6 66. Rf8+ Kg7 67. Re8 Kf7 68. Re6 d5 69. g5 Kg7 70. Re7+ Kf8 71. f6 Rh4 72. g6 Rh6 73. g7+ 1-0

[Event "Provincial-ch Valencia Preferente"]
[Site "Valencia"]
[Date "2009.10.31"]
[Round "3"]
[White "Rosello Huet, Miguel Angel"]
[Black "Penades Ordaz, Victor"]
[Result "0-1"]
[WhiteElo "1964"]
[BlackElo "2174"]
[PlyCount "80"]
[EventDate "2009.10.03"]
[EventType "swiss"]
[EventRounds "7"]
[EventCountry "ESP"]
[SourceTitle "EXT 2024"]
[Source "ChessBase"]
[SourceDate "2023.10.10"]
[SourceVersion "1"]
[SourceVersionDate "2023.10.10"]
[SourceQuality "1"]

1. d4 Nf6 2. Nf3 g6 3. Bf4 Bg7 4. Nc3 d6 5. Qd2 h6 6. h3 g5 7. Bh2 a5 8. e4 0-0 9. a3 Na6 10. Bc4 c6 11. Bxa6 Rxa6 12. 0-0 Ne8 13. Rad1 f5 14. exf5 Bxf5 15. Rfe1 Nf6 16. Re2 Rf7 17. Rde1 Qd7 18. Kh1 Kf8 19. Ng1 b5 20. Nd1 Bg6 21. f4 g4 22. Nf2 gxh3 23. Ngxh3 Bf5 24. c3 Ra8 25. Rg1 d5 26. Qe1 Ra7 27. Rf1 Rb7 28. b4 Ra7 29. Ng1 Ne4 30. Nxe4 Bxe4 31. Nf3 Bd3 32. Ne5 Bxe5 33. fxe5 Bxe2 34. Rxf7+ Kxf7 35. Qxe2 Qf5 36. g4 Qe4+ 37. Qxe4 dxe4 38. Bf4 axb4 39. axb4 Ra3 40. Bd2 Ra1+ 0-1

[Event "Provincial-ch Valencia Preferente"]
[Site "Valencia"]
[Date "2009.10.03"]
[Round "1"]
[White "Pradas Soria, Ernesto"]
[Black "Penades Ordaz, Victor"]
[Result "0-1"]
[WhiteElo "1909"]
[BlackElo "2174"]
[PlyCount "108"]
[EventDate "2009.10.03"]
[EventType "swiss"]
[EventRounds "7"]
[EventCountry "ESP"]
[SourceTitle "EXT 2024"]
[Source "ChessBase"]
[SourceDate "2023.10.10"]
[SourceVersion "1"]
[SourceVersionDate "2023.10.10"]
[SourceQuality "1"]

1. e4 c5 2. Nf3 Nc6 3. d4 cxd4 4. Nxd4 g6 5. Be3 Bg7 6. Nc3 Nf6 7. Bc4 0-0 8. f3 Qb6 9. Qd2 Nxe4 10. fxe4 Bxd4 11. Bxd4 Qxd4 12. Qxd4 Nxd4 13. 0-0-0 Nc6 14. Rhf1 d6 15. h3 Be6 16. Nd5 Rac8 17. Bb3 Rfe8 18. Nf4 Bxb3 19. axb3 b5 20. Rd2 a5 21. Kb1 Rb8 22. Nd5 Rb7 23. Rdf2 Ne5 24. g4 Ra8 25. c3 b4 26. Kc2 Rc8 27. Kd2 Kf8 28. cxb4 axb4 29. Ra1 e6 30. Ne3 Ke7 31. g5 h6 32. h4 hxg5 33. hxg5 Rh8 34. Raf1 Rh4 35. Rf4 Rxf4 36. Rxf4 Rb5 37. Nc2 Nc6 38. Rg4 Rb8 39. Rg3 Rh8 40. Ne3 Rh2+ 41. Ng2 Nd4 42. Kd3 Nxb3 43. Kc4 Nd2+ 44. Kxb4 Nxe4 45. Rg4 d5 46. Ka5 Kd6 47. b4 Kc6 48. b5+ Kb7 49. Ka4 Kb6 50. Kb4 Rh5 51. Ne3 Rxg5 52. Rxe4 dxe4 53. Nc4+ Kc7 54. b6+ Kc6 0-1